<?xml version="1.0" encoding="UTF-8"?>
<record
    xmlns:xsi="http://www.w3.org/2001/XMLSchema-instance"
    xsi:schemaLocation="http://www.loc.gov/MARC21/slim http://www.loc.gov/standards/marcxml/schema/MARC21slim.xsd"
    xmlns="http://www.loc.gov/MARC21/slim">

  <leader>01661    a2200217   4500</leader>
  <controlfield tag="001">30939</controlfield>
  <controlfield tag="005">20260407155618.0</controlfield>
  <controlfield tag="008">260407a1978    arg                 spa d</controlfield>
  <controlfield tag="003">AR-UNSa-BCEJYS</controlfield>
  <datafield tag="040" ind1=" " ind2=" ">
    <subfield code="a">AR-UNSa-BCEJYS</subfield>
    <subfield code="b">spa</subfield>
    <subfield code="c">AR-UNSa-BCEJYS</subfield>
  </datafield>
  <datafield tag="080" ind1=" " ind2=" ">
    <subfield code="a">657</subfield>
    <subfield code="x">Contabilidad</subfield>
  </datafield>
  <datafield tag="245" ind1="1" ind2="0">
    <subfield code="a">Manual de contabilidad de las entidades locales</subfield>
  </datafield>
  <datafield tag="020" ind1=" " ind2=" ">
    <subfield code="a">84-7088-216-3</subfield>
  </datafield>
  <datafield tag="264" ind1=" " ind2="1">
    <subfield code="a">Madrid :</subfield>
    <subfield code="b">Instituto de Estudios de Administraci&#xF3;n Local</subfield>
    <subfield code="c">1978</subfield>
  </datafield>
  <datafield tag="300" ind1=" " ind2=" ">
    <subfield code="a">588 p.</subfield>
    <subfield code="c">24 cm.</subfield>
  </datafield>
  <datafield tag="505" ind1=" " ind2=" ">
    <subfield code="a">1. Contabilidad administrativa local - 2. Esquema general de la contabilidad local - 3. Los ingresos locales - 4. Gastos locales - 5. R&#xE9;gimen de tesorer&#xED;a cobros - 6. R&#xE9;gimen de tesorer&#xED;a pagos en firme y a justificar - 7. Justificaci&#xF3;n de los pagos - 8. R&#xE9;gimen de tesorer&#xED;a movimientos inversos - 9. Mandamientos de cobros y pagos - 10. Instrumentos registrales de contabilidad de derechos y obligaciones - 11. Instrumentos registrales de contabilidad de cobros y pagos - 12. Instrumentos registrales de cobros y pagos y otros - 13. Contabilidad especifica de recaudaci&#xF3;n - 14. Contabilidad de operaciones de cr&#xE9;dito - 15. La contabilidad local integrada - 16. Contabilidad administrativa presuntiva - 17. Mecanizaci&#xF3;n contable - 18. Automaci&#xF3;n contable - 19. Problemas contables en la administraci&#xF3;n local - 20. Coste y rendimiento de los servicios locales - 21. Manual de normas para la obtenci&#xF3;n de los costes de los servicios p&#xFA;blicos locales - 22. Contabilidad cr&#xED;tica local - 23. Contabilidad administrativa local pr&#xE1;ctica</subfield>
  </datafield>
  <datafield tag="041" ind1=" " ind2=" ">
    <subfield code="a">spa</subfield>
  </datafield>
  <datafield tag="942" ind1=" " ind2=" ">
    <subfield code="c">BK</subfield>
  </datafield>
  <datafield tag="590" ind1=" " ind2=" ">
    <subfield code="a">niveau_biblio:m niveau_hierar:0</subfield>
  </datafield>
  <datafield tag="100" ind1="1" ind2=" ">
    <subfield code="a">Dominguez Alonso, Manuel</subfield>
  </datafield>
  <datafield tag="999" ind1=" " ind2=" ">
    <subfield code="c">2145</subfield>
    <subfield code="d">2145</subfield>
  </datafield>
  <datafield tag="952" ind1=" " ind2=" ">
    <subfield code="0">0</subfield>
    <subfield code="1">0</subfield>
    <subfield code="4">0</subfield>
    <subfield code="7">0</subfield>
    <subfield code="a">BCEJYS</subfield>
    <subfield code="b">BCEJYS</subfield>
    <subfield code="c">16</subfield>
    <subfield code="d">2026-04-07</subfield>
    <subfield code="l">0</subfield>
    <subfield code="o">657 D671</subfield>
    <subfield code="p">L58428</subfield>
    <subfield code="r">2026-04-07 15:56:18</subfield>
    <subfield code="w">2026-04-07</subfield>
    <subfield code="y">L</subfield>
  </datafield>
</record>
